<?xml version="1.0" encoding="UTF-8"?>
<record
    xmlns:xsi="http://www.w3.org/2001/XMLSchema-instance"
    xsi:schemaLocation="http://www.loc.gov/MARC21/slim http://www.loc.gov/standards/marcxml/schema/MARC21slim.xsd"
    xmlns="http://www.loc.gov/MARC21/slim">

  <leader>00856nam0a22002651  4500</leader>
  <controlfield tag="001">RU\INFOCOMM_327\NLR\5000014020</controlfield>
  <controlfield tag="005">20250613105012.0</controlfield>
  <datafield tag="035" ind1=" " ind2=" ">
    <subfield code="a">(NLR Aleph) 009516597</subfield>
  </datafield>
  <datafield tag="090" ind1=" " ind2=" ">
    <subfield code="a">8800257</subfield>
    <subfield code="c">8800257</subfield>
  </datafield>
  <datafield tag="100" ind1=" " ind2=" ">
    <subfield code="a">20121213d1975    |||y0rusy50      ca</subfield>
  </datafield>
  <datafield tag="101" ind1="0" ind2=" ">
    <subfield code="a">eng</subfield>
  </datafield>
  <datafield tag="102" ind1=" " ind2=" ">
    <subfield code="a">RU</subfield>
  </datafield>
  <datafield tag="105" ind1=" " ind2=" ">
    <subfield code="a">y   z   |||||</subfield>
  </datafield>
  <datafield tag="200" ind1="1" ind2=" ">
    <subfield code="a">Methods of studying the needs of the population in ambulatory-policlinical aid</subfield>
    <subfield code="f">N. A. Kravchenko</subfield>
    <subfield code="g">USSR Min. of public health. Central inst. for advanced med. studies. Intern. health fac.</subfield>
  </datafield>
  <datafield tag="210" ind1=" " ind2=" ">
    <subfield code="a">M.</subfield>
    <subfield code="d">1975</subfield>
  </datafield>
  <datafield tag="215" ind1=" " ind2=" ">
    <subfield code="a">[1], 19 &#x441;.</subfield>
    <subfield code="d">20 &#x441;&#x43C;</subfield>
  </datafield>
  <datafield tag="620" ind1=" " ind2=" ">
    <subfield code="a">&#x41C;&#x43E;&#x441;&#x43A;&#x432;&#x430;</subfield>
  </datafield>
  <datafield tag="686" ind1=" " ind2=" ">
    <subfield code="a">&#x420;11(2)22</subfield>
    <subfield code="2">rubbk</subfield>
  </datafield>
  <datafield tag="700" ind1=" " ind2="1">
    <subfield code="9">z01790</subfield>
    <subfield code="a">Krav&#x10D;enko</subfield>
    <subfield code="b">N. A.</subfield>
  </datafield>
  <datafield tag="790" ind1=" " ind2="1">
    <subfield code="9">z01700</subfield>
    <subfield code="a">Kravchenko</subfield>
    <subfield code="b">N. A.</subfield>
    <subfield code="4">070</subfield>
  </datafield>
  <datafield tag="801" ind1=" " ind2="1">
    <subfield code="a">RU</subfield>
    <subfield code="b">NLR</subfield>
    <subfield code="c">20121213</subfield>
  </datafield>
  <datafield tag="801" ind1=" " ind2="0">
    <subfield code="a">RU</subfield>
    <subfield code="b">INFOCOMM</subfield>
    <subfield code="g">PSBO</subfield>
  </datafield>
  <datafield tag="852" ind1=" " ind2=" ">
    <subfield code="a">NLR</subfield>
    <subfield code="j">&#x41C;&#x434;97 &#x414;-4/770</subfield>
  </datafield>
  <datafield tag="942" ind1=" " ind2=" ">
    <subfield code="c">BOOK</subfield>
  </datafield>
  <datafield tag="980" ind1=" " ind2=" ">
    <subfield code="a">NB</subfield>
  </datafield>
  <datafield tag="995" ind1=" " ind2=" ">
    <subfield code="5">2013-10-26</subfield>
    <subfield code="b">NLR01</subfield>
    <subfield code="c">NLR01</subfield>
    <subfield code="e">IF</subfield>
    <subfield code="f">9516597-10</subfield>
    <subfield code="k">&#x41C;&#x434;97 &#x414;-4/770</subfield>
    <subfield code="o">0</subfield>
    <subfield code="r">BOOK</subfield>
    <subfield code="s">97_4770</subfield>
  </datafield>
</record>
